000 00665nam a22002295i 4500
001 176486
003 ES-MaACL
005 20230906220110.0
008 110119s1975 sp |||| | spa d
020 _a84-209-2164-6
080 _a821.133.1-311.2"19"
100 1 _aKessel, Joseph.
_967949
245 1 0 _aBelle de jour /
_cJoseph Kessel ; [traducción de Ángel Fernández Santos].
250 _a8ª ed.
260 _aBarcelona :
_bAymá,
_c1975.
300 _a191 p. ;
_c21 cm.
490 1 _aGrandes novelas
700 1 _aFernández-Santos, Ángel.
_950077
830 0 _aGrandes novelas
_9224034
852 _aES-MaACL
_jE-14088
999 _c176486
_d176486